Loading...
नया मीडिया नये मुद्दे
| Main Author: | |
|---|---|
| Other Authors: | |
| Format: | Printed Book |
| Published: |
New Delhi:
Vani Prakashan,
2009
|
| Edition: | 1 |
| Subjects: |
| LEADER | 00580nam a22001697a 4500 | ||
|---|---|---|---|
| 020 | |a 9788181439178 | ||
| 082 | |a H070 |b SUD/N | ||
| 100 | |a सुधीश पचौरी | ||
| 245 | |a नया मीडिया नये मुद्दे | ||
| 250 | |a 1 | ||
| 260 | |a New Delhi: |b Vani Prakashan, |c 2009 | ||
| 300 | |a 272p. | ||
| 650 | |a Naya media aur naye mudde | ||
| 700 | |a Sudheesh Pachouri | ||
| 942 | |c BK | ||
| 999 | |c 41727 |d 41727 | ||
| 952 | |0 0 |1 0 |4 0 |6 H_070_000000000000000_SUDN |7 0 |8 Stack |9 45184 |a KUCL |b KUCL |c H |d 2016-09-07 |l 1 |o H070 SUD/N |p 39292 |r 2018-11-07 |s 2018-10-05 |w 2016-09-07 |y BK | ||